书目信息 |
| 题名: |
雕塑·模型
|
|
| 作者: | 王汉卿 , 李焕岭 编著 | |
| 分册: | ||
| 出版信息: | 重庆 西南师范大学出版社 2005 |
|
| 页数: | 87页 | |
| 开本: | 25cm | |
| 丛书名: | ||
| 单 册: | ||
| 中图分类: | G613.6 | |
| 科图分类: | ||
| 主题词: | 手工课--学前教育--教学参考资料 , 手工课 | |
| 电子资源: | ||
| ISBN: | 7-5621-3356-5 | |
| 000 | 00912nam0 2200277 450 | |
| 001 | 200805000392 | |
| 005 | 20060324153501.0 | |
| 010 | @a7-5621-3356-5@dCNY29.00 | |
| 035 | @a003034233 | |
| 100 | @a20050119d2005 em y0chiy0110 ea | |
| 101 | 0 | @achi |
| 102 | @aCN@b500000 | |
| 105 | @aa z 000yy | |
| 106 | @ar | |
| 200 | 1 | @a雕塑·模型@Adiao su · mo xing@f王汉卿,李焕岭编著 |
| 210 | @a重庆@c西南师范大学出版社@d2005 | |
| 215 | @a87页@c图@d25cm | |
| 300 | @a学前专业美术教育手工系列教材/孙家祥主编 | |
| 330 | @a本书介绍了民间彩塑、陶艺、浮雕、泥塑雕、模型翻制、竹雕造型、砖刻造型、金属造型、橡皮泥塑、车辆模型等手工艺制作的方法。 | |
| 606 | 0 | @a手工课@x学前教育@j教学参考资料 |
| 606 | 0 | @a手工课 |
| 690 | @aG613.6@v4 | |
| 701 | 0 | @a王汉卿@Awang han qing@c(工艺美术师)@4编著 |
| 701 | 0 | @a李焕岭@Ali huan ling@c(手工艺制作)@4编著 |
| 801 | 0 | @aCN@c20060327 |
| 905 | @b20654270-72@dG613.6@eW200 | |
| 雕塑·模型/王汉卿,李焕岭编著.-重庆:西南师范大学出版社,2005 |
| 87页:图;25cm |
| 学前专业美术教育手工系列教材/孙家祥主编 |
| ISBN 7-5621-3356-5:CNY29.00 |
| 本书介绍了民间彩塑、陶艺、浮雕、泥塑雕、模型翻制、竹雕造型、砖刻造型、金属造型、橡皮泥塑、车辆模型等手工艺制作的方法。 |
| ● |
| 相关链接 |
|
|
|
正题名:雕塑·模型
索取号:G613.6/W200
 
预约/预借
| 序号 | 登录号 | 条形码 | 馆藏地/架位号 | 状态 | 备注 |
| 1 | 654270 | 206542703 | 社科库409/409社科库 6排2列4层/ [索取号:G613.6/W200] | 在馆 | |
| 2 | 654271 | 206542712 | 社科库409/409社科库 6排2列4层/ [索取号:G613.6/W200] | 在馆 | |
| 3 | 654272 | 206542721 | 社科库409/409社科库 6排2列4层/ [索取号:G613.6/W200] | 在馆 |